[Event "3rd Marlboro Classic"]
[Site "Manila PHI"]
[Date "1975.10.02"]
[Round "10"]
[White "Karaklajic, Nikola"]
[Black "Pfleger, Helmut"]
[Result "0-1"]
[WhiteElo "2445"]
[BlackElo "2540"]
[EventDate "1975.10.02"]
[PlyCount "114"]

1.e4 d6 2.d4 Nf6 3.Nc3 g6 4.Nf3 Bg7 5.h3 O-O 6.Be3 c5 7.dxc5 Qa5 8.Bd3 
dxc5 9.O-O Rd8 10.Nd2 Qc7 11.f4 Nc6 12.Nb5 Qb8 13.Bxc5 Nh5 14.e5 Nxf4 15.
Rxf4 Qxe5 16.Rc4 Be6 17.Rc3 Rd5 18.Nf3 Qh5 19.Bf2 Rxb5 20.Bxb5 Qxb5 21.Rd3
Qxb2 22.Rb1 Qxa2 23.Nd4 Nxd4 24.Bxd4 Bxd4+ 25.Rxd4 b6 26.c4 Qa5 27.Rb5 Qa3
28.Qd2 Rc8 29.Re5 Rc5 30.Rd8+ Kg7 31.Qd4 Rxc4 32.Qe3 Qc1+ 33.Kh2 Qxe3 34.
Rxe3 a5 35.Rb8 Rb4 36.Rb7 a4 37.Rxe7 Kf6 38.Ra7 b5 39.Kg3 h5 40.Kf2 Rb2+ 
41.Re2 Rb3 42.Re3 Bc4 43.g3 Kf5 44.Ra6 Rb2+ 45.Ke1 h4 46.gxh4 Kf4 47.Rc3 
Be6 48.Ra5 Bf5 49.Ra7 Be6 50.Ra5 Bf5 51.Ra7 Rb3 52.Rac7 Be6 53.Kd2 a3 54.
Rxb3 Bxb3 55.Kc1 Be6 56.Kb1 b4 57.Ra7 Kg3 0-1

[Event "3rd Marlboro Classic"]
[Site "Manila PHI"]
[Date "1975.10.02"]
[Round "11"]
[White "Torre, Eugenio"]
[Black "Larsen, Bent"]
[Result "0-1"]
[WhiteElo "2515"]
[BlackElo "2625"]
[EventDate "1975.10.02"]
[PlyCount "124"]

1.e4 Nf6 2.e5 Nd5 3.d4 d6 4.Nf3 Nb6 5.Bd3 Nc6 6.exd6 Qxd6 7.O-O Bg4 8.c3 
O-O-O 9.a4 e5 10.a5 Nd7 11.a6 exd4 12.axb7+ Kb8 13.Be4 Bxf3 14.Bxf3 Nde5 
15.Bxc6 Qxc6 16.cxd4 Bc5 17.Be3 Bb6 18.Nc3 Rhe8 19.d5 Qxb7 20.Bxb6 cxb6 
21.Qd4 Qc7 22.Qa4 Re7 23.Rfe1 Rde8 24.Re4 Qd7 25.Qd4 f6 26.h3 Nf7 27.Rxe7 
Rxe7 28.Qb4 Nd6 29.Qd4 Re5 30.Rd1 Kc8 31.Na2 Re4 32.Rc1+ Kb7 33.Qd2 Nb5 
34.Qd3 Rd4 35.Qxh7 Rxd5 36.Qe4 f5 37.Qa4 a5 38.Nc3 Nxc3 39.Qxd7+ Rxd7 40.
Rxc3 Rd1+ 41.Kh2 Rd2 42.Rg3 Rxb2 43.Rxg7+ Ka6 44.h4 Rxf2 45.h5 Rc2 46.h6 
Rc6 47.h7 Rh6+ 48.Kg3 a4 49.Kf4 Rh5 50.Ke5 b5 51.Kf6 b4 52.Kg6 Rh2 53.Rg8 
b3 54.h8=Q Rxh8 55.Rxh8 Kb5 56.Kxf5 a3 57.Ra8 Kb4 58.g4 b2 59.Kf4 Kb3 60.
Rb8+ Kc2 61.Rc8+ Kb1 62.g5 Ka1 0-1

[Event "3rd Marlboro Classic"]
[Site "Manila PHI"]
[Date "1975.10.02"]
[Round "11"]
[White "Pfleger, Helmut"]
[Black "Gligoric, Svetozar"]
[Result "1/2-1/2"]
[WhiteElo "2540"]
[BlackElo "2575"]
[EventDate "1975.10.02"]
[PlyCount "38"]

1.e4 e5 2.Nf3 Nc6 3.Nc3 Nf6 4.Bb5 Bb4 5.O-O O-O 6.d3 d6 7.h3 h6 8.Bxc6 
bxc6 9.a3 Bxc3 10.bxc3 c5 11.Rb1 c4 12.Re1 cxd3 13.cxd3 Re8 14.Be3 Be6 15.
c4 Nd7 16.Qd2 c5 17.Rb2 Rb8 18.Reb1 Rb6 19.Rxb6 axb6 1/2-1/2

[Event "3rd Marlboro Classic"]
[Site "Manila PHI"]
[Date "1975.10.02"]
[Round "11"]
[White "Ogaard, Leif"]
[Black "Mecking, Henrique"]
[Result "1/2-1/2"]
[WhiteElo "2460"]
[BlackElo "2610"]
[EventDate "1975.10.02"]
[PlyCount "72"]

1.d4 Nf6 2.c4 c5 3.d5 e6 4.Nc3 exd5 5.cxd5 d6 6.Nf3 g6 7.g3 Bg7 8.Bg2 O-O 
9.O-O a6 10.a4 Nbd7 11.Nd2 Qc7 12.Nc4 Nb6 13.Na3 Bd7 14.Bd2 Nc8 15.Nc4 b6 
16.e4 Ra7 17.e5 dxe5 18.Bg5 Ne8 19.d6 Nexd6 20.Nxd6 Qxd6 21.Qxd6 Nxd6 22.
Be7 Nc4 23.Bxf8 Kxf8 24.Bd5 Nxb2 25.Rab1 e4 26.Rxb2 Bxc3 27.Rxb6 Bxa4 28.
Rc1 Bd4 29.Bxe4 a5 30.Bd5 Re7 31.Bc4 Be8 32.Rcb1 a4 33.Rb7 a3 34.Rxe7 Kxe7
35.Rb7+ Kd6 36.Kf1 Bc6 1/2-1/2

[Event "3rd Marlboro Classic"]
[Site "Manila PHI"]
[Date "1975.10.02"]
[Round "11"]
[White "Ljubojevic, Ljubomir"]
[Black "Kavalek, Lubomir"]
[Result "1/2-1/2"]
[WhiteElo "2615"]
[BlackElo "2555"]
[EventDate "1975.10.02"]
[PlyCount "36"]

1.e4 e5 2.Nf3 Nc6 3.Bb5 a6 4.Ba4 Nf6 5.O-O Nxe4 6.d4 b5 7.Bb3 d5 8.dxe5 
Be6 9.Qe2 Be7 10.Rd1 O-O 11.c4 bxc4 12.Bxc4 Qd7 13.Nc3 Nxc3 14.bxc3 f6 15.
exf6 Bxf6 16.Bg5 Kh8 17.Bxf6 Rxf6 18.Ng5 Na5 1/2-1/2